000 00443nam a2200145Ia 4500
008 100122s9999 xx 000 0 und d
082 _b25457
_a823
100 _aभागवत यशवंत
245 _aरुपेरी आकाश
260 _bदीप ज्योती प्रकाशन
_c1977
300 _a140
630 _aरुपेरी आकाश
730 _aरुपेरी आकाश
942 _cBOOK
999 _c412232
_d412229